000 00363nam a22001457a 4500
999 _c13520
_d13520
020 _a9690018922
020 _a9789690018922
082 _a358.400
_bTUF
100 _aM kaiser Tufail
245 _aGreat Air Battles of Pakistan Air Force
260 _aLahore
_bFerozsons
_c2005
300 _a140 pages
650 _aPakistan, Airforce, armed forces
942 _cBK